[Event "AUTO-INT-541"]
[Site "http://www.queenalice.com/game.php?id=243150"]
[Date "2007.7.21"]
[Round "1"]
[White "cobrajs"]
[Black "GusthavOX"]
[Result "0-1"]
[WhiteElo "1554"]
[BlackElo "1665"]

1. e4 c5 2. d4 cxd4 3. Bd3 e5 4. Bd2 Nf6 5. Bg5 Be7 6. Nf3 Qa5+ 7. Qd2 Bb4 8. c3
dxc3 9. bxc3 Be7 10. c4 Bb4 0-1

[Event "AUTO-INT-541"]
[Site "http://www.queenalice.com/game.php?id=243154"]
[Date "2007.7.21"]
[Round "1"]
[White "cobrajs"]
[Black "Endy"]
[Result "0-1"]
[WhiteElo "1502"]
[BlackElo "1694"]

1. e4 e5 2. d3 h6 3. Nf3 Nc6 4. Be3 Bd6 5. Nc3 Bb4 6. Nd2 Nf6 7. Nd5 d6 8. c3
Ba5 9. Nc4 O-O 10. b4 Bb6 11. Ncxb6 axb6 12. d4 Nxe4 13. g3 Be6 14. Bc4 Bxd5 15.
Bxd5 Nxc3 16. Qf3 Nxd5 17. Bxh6 gxh6 18. g4 Ndxb4 19. Rg1 Nc2+ 20. Kf1 Nxa1 21.
g5 hxg5 22. Qh5 f6 23. f4 exf4 24. h4 Qe8 25. Qg4 Nxd4 26. hxg5 f5 27. Qxf4 Qe2#
0-1

[Event "AUTO-INT-541"]
[Site "http://www.queenalice.com/game.php?id=243155"]
[Date "2007.7.21"]
[Round "1"]
[White "Endy"]
[Black "cobrajs"]
[Result "1-0"]
[WhiteElo "1695"]
[BlackElo "1494"]

1. d4 Nc6 2. a3 e5 3. dxe5 Nxe5 4. Bf4 Bd6 5. Nc3 Nc4 6. Bxd6 cxd6 7. Na4 Nf6 8.
e3 Qa5+ 9. c3 O-O 10. Bxc4 d5 11. b4 Qc7 12. Bxd5 Qd6 13. Bxf7+ Rxf7 14. Qxd6 b5
15. Nc5 Ne8 16. Qd5 Rb8 17. Nf3 d6 18. Ng5 dxc5 19. Qxf7+ Kh8 20. Qxe8# 1-0

[Event "Challenge"]
[Site "http://www.queenalice.com/game.php?id=285541"]
[Date "2007.10.12"]
[Round "-"]
[White "cobrajs"]
[Black "bishopali"]
[Result "1-0"]
[WhiteElo "1479"]
[BlackElo "1410"]

1. e4 e5 2. Nf3 Nf6 3. d4 exd4 4. Bd3 c6 5. Bd2 d5 6. e5 Ng4 7. Ng5 Be7 8. Nxf7
Kxf7 9. Qf3+ Kg8 10. Bf5 Nxe5 11. Qf4 Bd6 12. O-O g5 13. Qxg5+ Kf7 14. Qh5+ Ng6
15. Bg5 Qe8 16. Bxc8 Qxc8 17. Qf3+ Ke8 18. Re1+ Be5 19. Bf6 Kd7 20. Qf5+ Kc7 21.
Bxe5+ Nxe5 22. Qxe5+ Kd7 23. Qe7# 1-0

[Event "Challenge"]
[Site "http://www.queenalice.com/game.php?id=285796"]
[Date "2007.10.13"]
[Round "-"]
[White "cobrajs"]
[Black "bishopali"]
[Result "0-1"]
[WhiteElo "1489"]
[BlackElo "1427"]

1. e4 d5 2. Nc3 d4 3. Bb5+ c6 4. Bc4 dxc3 5. dxc3 e6 6. h4 Qxd1+ 7. Kxd1 Bc5 8.
Nh3 Nf6 9. Ke2 O-O 10. e5 Ng4 11. Ng5 Nxf2 12. Rf1 b5 13. Bxe6 Bxe6 14. Nxe6
fxe6 15. Be3 Bxe3 16. Kxe3 Ng4+ 17. Ke2 Rd8 18. Rf4 Nxe5 19. g4 Nc4 20. Kf3 Ne5+
21. Ke4 Nbd7 22. h5 Rf8 23. g5 Rxf4+ 24. Kxf4 Rf8+ 25. Ke4 c5 26. h6 gxh6 27.
gxh6 Rf6 28. Rg1+ Kf8 29. Rh1 Rf5 30. Rg1 Nf6+ 31. Ke3 Nc4+ 32. Ke2 Re5+ 33. Kf2
Ne4+ 34. Kf3 Ncd2+ 35. Kg2 Rf5 36. Kh1 Nf2+ 37. Kg2 Nf3 38. Rf1 Nh4+ 39. Kg3
Ne4+ 40. Kxh4 Rxf1 41. b4 cxb4 42. cxb4 Ra1 43. Kg4 Rxa2 44. c4 bxc4 45. Kf4 c3
46. Ke3 c2 47. b5 c1=Q+ 48. Kxe4 Qe1+ 49. Kd3 Qd2+ 50. Kc4 Rc2+ 51. Kb3 Qc3+ 52.
Ka4 Ra2# 0-1

[Event "Challenge"]
[Site "http://www.queenalice.com/game.php?id=290402"]
[Date "2007.10.21"]
[Round "-"]
[White "mp3"]
[Black "cobrajs"]
[Result "0-1"]
[WhiteElo "1532"]
[BlackElo "1460"]

1. c4 e5 2. d3 Bb4+ 3. Nd2 Bxd2+ 4. Bxd2 d6 5. e4 Nf6 6. Bg5 Nbd7 7. Nf3 O-O 8.
Be2 b6 9. O-O b5 10. cxb5 d5 11. a4 a5 12. exd5 Bb7 13. Qb3 Nc5 14. Qa2 Bxd5 15.
Qa3 Qe7 16. Qc3 h6 17. Bxf6 gxf6 18. Nh4 c6 19. Nf5 Qa7 20. Nxh6+ Kh7 21. Nf5
Ne6 22. Nd6 Qc5 23. Nb7 Qxc3 24. bxc3 cxb5 25. Nd6 Ra6 26. Nxb5 Rg8 27. c4 Rxg2+
28. Kh1 Rg5+ 29. cxd5 Nf4 30. Nc7 Rb6 31. Ne8 Kg6 32. Rae1 Rb8 33. Nd6 Rh8 34.
Ne4 Rg2 35. Bf3 Rhxh2# 0-1

[Event "Challenge"]
[Site "http://www.queenalice.com/game.php?id=298245"]
[Date "2007.11.4"]
[Round "-"]
[White "sioux"]
[Black "cobrajs"]
[Result "0-1"]
[WhiteElo "1646"]
[BlackElo "1477"]

1. c4 e5 2. d3 Nc6 3. e4 Nd4 4. Be3 Bb4+ 5. Bd2 c5 6. b3 Qa5 7. Ne2 Bxd2+ 8.
Nxd2 d6 9. Nxd4 Qc3 10. Nb5 Qa5 11. Be2 Nf6 12. O-O O-O 13. Nxd6 Bd7 14. Nxb7
Qc7 15. Nxc5 Qxc5 16. Nf3 Ng4 17. Ng5 Nxf2 18. Qd2 Nxe4+ 19. d4 Nxd2 20. dxc5
Nxf1 21. Rxf1 f6 22. Ne4 g5 23. Nxf6+ Kg7 24. Nxd7 Rfd8 25. Nxe5 Rd2 26. a4 Rxe2
27. Ng4 Rc8 28. Rf5 Kg6 29. Rd5 Rf8 30. h3 h5 31. Ne5+ Kh6 32. Nf3 g4 33. hxg4
hxg4 34. Rd6+ Kg7 35. Nh2 Re1+ 36. Nf1 Rfxf1+ 37. Kh2 Re3 38. g3 Re2# 0-1

[Event "Let's Play Chess!"]
[Site "http://www.queenalice.com/game.php?id=305350"]
[Date "2007.11.17"]
[Round "-"]
[White "Avalon1982"]
[Black "cobrajs"]
[Result "1-0"]
[WhiteElo "1693"]
[BlackElo "1487"]

1. e4 e5 2. Nc3 Nf6 3. f4 Nc6 4. fxe5 Nxe5 5. d4 Nc6 6. e5 Qe7 7. Be2 d5 8. Bg5
h6 9. exf6 gxf6 10. Nxd5 Qd6 11. Nxf6+ Ke7 12. Ne4+ hxg5 13. Nxd6 cxd6 14. d5
Nb4 15. Qd2 1-0

[Event "Let's Play Chess!"]
[Site "http://www.queenalice.com/game.php?id=388110"]
[Date "2008.4.15"]
[Round "-"]
[White "CampbellMarcel"]
[Black "cobrajs"]
[Result "1-0"]
[WhiteElo "1787"]
[BlackElo "1525"]

1. e4 e5 2. Bc4 Nf6 3. Nc3 Nc6 4. Nf3 Bc5 5. O-O O-O 6. d3 d6 7. Be3 Bxe3 8.
fxe3 Be6 9. Bxe6 fxe6 10. Ng5 Rf7 11. Nxf7 Kxf7 12. Qh5+ Kg8 13. Qe2 Qe7 14. d4
exd4 15. exd4 Nxd4 16. Qf2 Rf8 17. Qxd4 e5 18. Qxa7 b6 19. Nd5 Nxd5 20. Rxf8+
Qxf8 21. Rf1 Nf6 22. Qxc7 d5 23. exd5 e4 24. Qxb6 Qe7 25. Qe6+ Kf8 26. Qxe7+
Kxe7 27. c4 Ng4 28. Rf4 Ne3 29. Rxe4+ Kf6 30. Rxe3 g5 31. d6 Kf5 32. d7 Kf4 33.
Rf3+ Kg4 34. d8=Q Kh5 35. Qe8+ Kh4 36. g3+ Kh3 37. Qh5# 1-0

[Event "Let's Play Chess!"]
[Site "http://www.queenalice.com/game.php?id=388204"]
[Date "2008.4.15"]
[Round "-"]
[White "montelo"]
[Black "cobrajs"]
[Result "0-1"]
[WhiteElo "1475"]
[BlackElo "1507"]

1. e3 e5 2. Qh5 Nf6 3. Qxe5+ Be7 4. Nc3 Nc6 5. Qg3 d5 6. Nb5 O-O 7. Nxc7 Bd6 8.
Ne6 Bxe6 9. Qh4 Ne4 10. Qxd8 Raxd8 11. g3 Ne5 12. Bg2 Nf6 13. Nh3 Neg4 14. O-O
Rc8 15. c3 d4 16. exd4 Bc4 17. Re1 Rfe8 18. Rxe8+ Rxe8 19. Bxb7 Re1+ 20. Kg2
Bf1+ 21. Kf3 Nxh2# 0-1

[Event "Challenge"]
[Site "http://www.queenalice.com/game.php?id=592293"]
[Date "2009.5.22"]
[Round "-"]
[White "cobrajs"]
[Black "chessmike1"]
[Result "1-0"]
[WhiteElo "1499"]
[BlackElo "1288"]

1. e4 e5 2. Nf3 d6 3. Be2 Nc6 4. Nc3 Nd4 5. Nxd4 exd4 6. Nb5 c5 7. c3 dxc3 8.
dxc3 a6 9. Na3 Nf6 10. Qa4+ Qd7 11. b3 Qxa4 12. bxa4 Nxe4 13. Nc4 Nxc3 14. Nb6
Rb8 15. O-O Nxe2+ 16. Kh1 Be7 17. Nd5 Nxc1 18. Raxc1 Be6 19. Nc7+ Kd7 20. Nxe6
fxe6 21. a5 e5 22. g3 Bg5 23. Rc4 Kc6 24. h4 Bf6 25. Rc3 d5 26. Rfc1 Be7 27. h5
d4 28. Rc4 Rhf8 29. R1c2 Rf3 30. g4 b6 31. Kg2 Ra3 32. f3 Rxa5 33. a4 b5 34.
axb5+ Raxb5 35. Ra4 1-0

[Event "Challenge"]
[Site "http://www.queenalice.com/game.php?id=592294"]
[Date "2009.5.22"]
[Round "-"]
[White "cobrajs"]
[Black "Motanel05"]
[Result "1-0"]
[WhiteElo "1495"]
[BlackElo "1548"]

1. e4 e5 2. Nf3 d6 3. d4 Bg4 4. Bg5 f6 5. Be3 c6 6. dxe5 fxe5 7. h3 Bxf3 8. Qxf3
h6 9. Bc4 Nf6 10. O-O Nbd7 11. Rd1 a5 12. Qf5 d5 13. Qe6+ Be7 14. exd5 cxd5 15.
Bxd5 Nxd5 16. Rxd5 Rc8 17. Rd6 Kf8 18. Qf5+ Bf6 19. Rxd7 Qe8 20. Nc3 Rc6 21. Nd5
g6 22. Nxf6 Qe6 23. Rd8+ Kg7 24. Qxe6 Rxe6 25. Ne8+ Rexe8 26. Rxe8 Rxe8 27. Rd1
g5 28. Rd7+ Kh8 29. f4 exf4 30. Bd4+ Kg8 31. Rg7+ Kh8 32. Re7+ Kg8 33. Rxe8+ Kf7
34. Rb8 Ke6 35. Rxb7 h5 36. c4 g4 37. Rb6+ Kf5 38. c5 Ke4 39. Bf2 g3 40. Re6+
Kd5 41. Rd6+ Ke5 42. Ra6 gxf2+ 43. Kxf2 Kd5 44. c6 Kd6 45. Kf3 Kc7 46. Kxf4 Kd6
47. g4 hxg4 48. hxg4 a4 49. g5 Kc5 50. c7 Kb5 51. Ra8 1-0

[Event "Challenge"]
[Site "http://www.queenalice.com/game.php?id=592296"]
[Date "2009.5.22"]
[Round "-"]
[White "Nabuck"]
[Black "cobrajs"]
[Result "0-1"]
[WhiteElo "1507"]
[BlackElo "1509"]

1. Nf3 Nf6 2. Nc3 Nc6 3. e4 e5 4. d3 d6 5. Nb5 d5 6. exd5 Nxd5 7. Ng5 Be7 8. Qh5
Bxg5 9. Bxg5 Nce7 10. d4 c6 11. Nc3 h6 12. Bh4 g6 13. Qxe5 Rg8 14. Ne4 Kf8 15.
c4 g5 16. Bg3 Nc7 17. Nf6 Rg6 18. Bd3 Bf5 19. Bxf5 Nxf5 20. Ng4 Nxd4 21. O-O Re6
22. Qxc7 Qxc7 23. Bxc7 Ne2+ 24. Kh1 h5 25. Ne3 g4 26. Rae1 Nd4 27. Nd1 Rf6 28.
Nc3 Nc2 29. Ne4 Rf5 30. Rd1 Re8 31. Nd6 Ree5 32. Nxf5 Rxf5 33. f3 Ne3 34. Rd8+
Kg7 35. Rf2 b5 36. cxb5 cxb5 37. Re8 gxf3 38. Rxe3 h4 39. Rfxf3 Rc5 40. Rc3 Rd5
41. g3 h3 42. g4 Rd1+ 43. Rf1 Rxf1# 0-1

[Event "AUTO-INT-1318"]
[Site "http://www.queenalice.com/game.php?id=592495"]
[Date "2009.5.23"]
[Round "1"]
[White "dreamer"]
[Black "cobrajs"]
[Result "1-0"]
[WhiteElo "1573"]
[BlackElo "1508"]

1. Nf3 d5 2. d4 Nc6 3. a3 Nf6 4. h3 e6 5. Bg5 Be7 6. e3 a6 7. c4 h6 8. cxd5 exd5
9. Bxf6 Bxf6 10. Nc3 a5 11. Be2 g5 12. Nd2 Bf5 13. Bg4 Bd3 14. Be2 Ba6 15. Bxa6
Rxa6 16. O-O O-O 17. Qf3 Qd6 18. Nb5 Qd7 19. Qxf6 Qe6 20. Qxe6 fxe6 21. Nxc7 Rb6
22. Nxe6 Rf6 23. Nc5 Rxb2 24. Nf3 b6 25. Nd7 Rd6 26. Nde5 Ne7 27. Rfb1 Rxb1+ 28.
Rxb1 Nf5 29. Rc1 Rd8 30. Rc6 Kg7 31. Rxb6 Rc8 32. Ra6 Rc1+ 33. Kh2 h5 34. Rxa5
Ne7 35. Nxg5 Rf1 36. Ra7 Kf6 37. f3 Nf5 38. Rf7+ Kxg5 39. f4+ Kh6 40. Rxf5 Re1
41. Nf3 Rxe3 42. Rxd5 Rxa3 43. Nh4 Ra6 44. Rg5 Rf6 45. g3 Rf7 46. d5 Rh7 47.
Rg6# 1-0

[Event "AUTO-INT-1318"]
[Site "http://www.queenalice.com/game.php?id=592511"]
[Date "2009.5.23"]
[Round "1"]
[White "cobrajs"]
[Black "Dean20"]
[Result "0-1"]
[WhiteElo "1513"]
[BlackElo "1572"]

1. e4 e5 2. Nf3 Nc6 3. Nc3 Bc5 4. Ne2 Nf6 5. d3 h6 6. Be3 Bb4+ 7. c3 Be7 8. d4
d6 9. dxe5 Nxe4 10. exd6 cxd6 11. Nf4 Bg4 12. Bb5 Qd7 13. h3 Bxf3 14. Qxf3 d5
15. Rd1 a6 16. Bxc6 bxc6 17. c4 Bb4+ 18. Ke2 O-O 19. a3 Ba5 20. Rd4 Qe7 21. Qg4
Bb6 22. Rxe4 Qxe4 23. Qf3 Qc2+ 24. Bd2 Rfe8+ 25. Kf1 Qb1+ 26. Be1 Qxe1# 0-1

[Event "AUTO-INT-1318"]
[Site "http://www.queenalice.com/game.php?id=592512"]
[Date "2009.5.23"]
[Round "1"]
[White "Dean20"]
[Black "cobrajs"]
[Result "1-0"]
[WhiteElo "1637"]
[BlackElo "1507"]

1. d4 Nc6 2. d5 Ne5 3. e4 Nf6 4. Nc3 e6 5. Bf4 Bd6 6. Bg5 exd5 7. Nxd5 O-O 8.
Bxf6 gxf6 9. Bd3 c6 10. Ne3 Qa5+ 11. c3 Qb6 12. b4 a5 13. a3 axb4 14. cxb4 Qd4
15. Ne2 Nxd3+ 16. Kf1 Qxe4 17. Ng3 Bxg3 18. hxg3 Nb2 19. Qh5 Qd3+ 20. Kg1 d6 21.
Ng4 Bxg4 22. Qxg4+ Qg6 23. Qd4 Rae8 24. Rh4 Nd3 25. Rg4 Re1+ 26. Rxe1 Nxe1 27.
Rxg6+ hxg6 28. Qxd6 Ra8 29. Qd2 Re8 30. a4 b5 31. axb5 cxb5 32. Qd7 Re2 33. Qxb5
Rb2 34. Qe8+ Kg7 35. Qxe1 Kh7 36. Qc3 Re2 37. Qxf6 Re1+ 38. Kh2 Kh6 39. Qxf7 Re4
40. Qf8+ Kg5 41. f4+ Kg4 42. Qh6 g5 43. Qxg5# 1-0

[Event "AUTO-INT-1318"]
[Site "http://www.queenalice.com/game.php?id=592513"]
[Date "2009.5.23"]
[Round "1"]
[White "cobrajs"]
[Black "jck2"]
[Result "0-1"]
[WhiteElo "1526"]
[BlackElo "1482"]

1. e4 c6 2. b4 d5 3. e5 Bf5 4. d3 e6 5. Nc3 Qb6 6. a3 c5 7. Be3 d4 8. Na4 Qc7 9.
Bf4 Nd7 10. Nf3 g6 11. Be2 Bg7 12. Nxc5 Nxc5 13. bxc5 Qxc5 14. Qd2 Rc8 15. Rb1
b6 16. c3 dxc3 17. Qc2 Ne7 18. Nh4 Bxe5 19. Bxe5 Qxe5 20. Qa4+ Nc6 21. O-O Qxe2
22. Rfe1 Qxd3 23. Rbd1 Qc2 24. Qb5 O-O 25. Rc1 Qd2 26. Red1 Nd4 27. Qf1 Bd3 28.
Qxd3 Qxd3 29. Rxd3 Ne2+ 30. Kf1 Nxc1 31. Rd4 Nb3 32. Rg4 c2 33. Nf3 c1=Q+ 34.
Ne1 Qc4+ 35. Rxc4 Rxc4 36. Ke2 Rd8 37. Kf1 Rd1 38. g3 Rcc1 39. Kg2 Rxe1 40. a4
g5 41. g4 Rg1+ 42. Kf3 Rc3+ 43. Ke2 Ra1 44. h4 Ra2+ 45. Kf1 Rc1+ 46. Kg2 gxh4
47. g5 Nd4 48. a5 bxa5 49. g6 hxg6 50. Kh2 g5 51. Kg2 g4 52. Kh2 Rxf2# 0-1

[Event "AUTO-INT-1318"]
[Site "http://www.queenalice.com/game.php?id=592514"]
[Date "2009.5.23"]
[Round "1"]
[White "jck2"]
[Black "cobrajs"]
[Result "1-0"]
[WhiteElo "1459"]
[BlackElo "1530"]

1. Nf3 Nc6 2. c4 e5 3. Nc3 d6 4. e3 Be6 5. d4 Be7 6. d5 Nb4 7. dxe6 fxe6 8. Bd2
Nc6 9. Be2 Nf6 10. O-O O-O 11. Qc2 Nh5 12. Nxe5 Nxe5 13. Bxh5 g6 14. Be2 Rf6 15.
e4 Qf8 16. Qc1 h5 17. Bh6 Qf7 18. Qg5 d5 19. Qxe5 c5 20. cxd5 exd5 21. Qxd5 Rd8
22. Qxf7+ Rxf7 23. Nd5 Bd6 24. Rfe1 c4 25. Bxc4 h4 26. Nf6+ Kh8 27. Bxf7 Bb4 28.
Red1 Rc8 29. Rd7 g5 30. Be6 Rg8 31. Rh7# 1-0

[Event "Let's Play Chess!"]
[Site "http://www.queenalice.com/game.php?id=820666"]
[Date "2010.8.20"]
[Round "-"]
[White "cobrajs"]
[Black "Ramoalid_liempten"]
[Result "0-1"]
[WhiteElo "1510"]
[BlackElo "1992"]

1. e4 e5 2. Nf3 Nc6 3. Nc3 a6 4. d4 exd4 5. Nxd4 Nxd4 6. Qxd4 d6 7. Bc4 Nf6 8.
e5 dxe5 9. Qxe5+ Be7 10. O-O O-O 11. Rd1 Bd6 12. Qd4 Bg4 13. f3 Qe7 14. Bg5 Bc5
15. Bxf6 Bxd4+ 16. Rxd4 Qxf6 17. Rxg4 Qb6+ 18. Kf1 Qxb2 19. Re1 Qxc3 20. Bd3
Rfe8 21. Rd1 Rad8 22. Kf2 Rxd3 23. cxd3 Qc2+ 24. Kg3 Qxd1 25. a4 b5 26. axb5
axb5 27. d4 b4 28. d5 b3 29. Rb4 Qe1+ 30. Kf4 Qxb4+ 31. Kg3 g5 32. h3 b2 33. d6
Qf4+ 34. Kf2 b1=Q 35. g3 Qd2# 0-1

[Event "Challenge"]
[Site "http://www.queenalice.com/game.php?id=821708"]
[Date "2010.8.22"]
[Round "-"]
[White "patrick"]
[Black "cobrajs"]
[Result "0-1"]
[WhiteElo "1439"]
[BlackElo "1496"]

1. e4 e5 2. Qf3 d6 3. Nh3 Be6 4. b3 Nf6 5. Nc3 g6 6. d3 Nc6 7. Bg5 Nd4 8. Qe3
Nxc2+ 9. Kd1 Nxe3+ 10. fxe3 Bg4+ 11. Be2 Bxe2+ 12. Nxe2 h6 13. Bh4 g5 14. Bxg5
hxg5 15. Nxg5 Ng4 16. Rf1 Qxg5 17. Ng3 Nxe3+ 18. Ke1 Rxh2 19. Rf3 Nc2+ 20. Kf2
Qd2+ 21. Ne2 Nxa1 22. a4 Nc2 23. b4 Ne1 24. Rh3 Rxg2+ 25. Kf1 Qxe2# 0-1